000 00525nam a2200169Ia 4500
001 14759
003 GE_BSU
008 181216s||||||||xx |||||||||||||| ||und||
040 _cGE_BSU
245 _aლიტერატურული პალიტრა №4. 2015. მარტი
245 _cმთ.რედ.ზაალ ჩხეიძე
260 _aთბილისი
260 _c2015
300 _a142გვ.28სმ.
653 _aლიტერატურული პალიტრა
942 _cCR
999 _c47882
_d47882